Регионална библиотека "Любен Каравелов" - Русе

Основи на естетическото възпитание (Запис номер 122942)

MARC детайли
000 -Лидер
Контролно поле с фиксирана дължина 01322nam a2200313 c 4500
003 - Код на организацията, давaща контролен номер
Контролно поле BLK
005 - Дата и час на последна редакция
Контролно поле 20230227101414.0
008 - Елементи от данни с фиксирана дължина
fixed length control field 180409b bul|||||r ||||||| ||bul||
010 ## - Наследен системен номер
LC control number KNG00128595000
040 ## - Източник на каталожния запис
Идентификатор на билиотеката - собственик на записа BLK
041 ## - Код за език
Код за езика на текст/звукозапис или на отделно заглавие Български
Код за езика КДБФ Български
080 ## - УДК
Текстов определител УДК Естетическо възпитание
УДК код - определител по УДК 37.036
УДК - код + определител 37.036
080 ## - УДК
Текстов определител УДК Естетика
УДК код - определител по УДК 18
УДК - код + определител 18
100 1# - Редна дума - Автор
Автор Атанасов, Жечо Господинов
Авторска отговорност първи автор
R(LIN) 364564
139 ## - Редно поле
Редна дума Атанасов, Жечо Господинов
Авторски знак Ат - А 93
245 10 - Сведения за заглавието
Заглавие Основи на естетическото възпитание
Подзаглавни данни Изследване
Редно поле (дума) Жечо Господинов Атанасов.
257 ## - Страна на издаване
Страна на създаване/издаване България
260 ## - Област на издателските данни
Място на издаване, разпространение и проч. София
Име на издателя, разпространителя и проч. Нар. просв.
Година на издаване 1975
Печатница В. Търново : Д. Найденов
300 ## - Физическа характеристика
Страници 228 с.
Размери/Мащаб 21 см
380 ## - Жанр
Жанр Обществени науки
500 ## - Общи забележки
Забележка Авт. не е отбелязан на кор. - 10 101 тир. - Библиогр. под линия.
650 #4 - Допълнително описание по предмет – тема
Основно описание – тема или топоним Естетическо възпитание
9 (RLIN) 284085
653 ## - Ключова дума – ненормативна
Ключова дума естетическо възпитание
852 ## - Местоположение
Форматна сигнатура Цб 78327
Фондова буква Хранилище
856 4# - Електронен адрес и достъп
Електронен формат pdf - файл
856 4# - Електронен адрес и достъп
Електронен формат pdf - файл
999 ## - СИСТЕМНИ КОНТРОЛНИ НОМЕРА
Koha biblionumber 122942
Koha biblioitemnumber 122942
942 ## - АРТИКУЛИ
Вид на библиотечния материал Книги
Скрит в OPAC Не
Koha issues (borrowed), all copies 3
Периодичен библиозапис Да
944 ## - СЪЗДАВАНЕ И РЕДАКЦИЯ на ЗАПИСА
Създаване/Редакция Създаване
Дата на регистрацията/редакция 10.03.2012
Статус, дата на статуса 10.03.2012 - от С1,Р / 10.03.2012
Служител, извършил регистрацията/редакцията Наталия_Медовщикова
944 ## - СЪЗДАВАНЕ И РЕДАКЦИЯ на ЗАПИСА
Създаване/Редакция Редакция
Дата на регистрацията/редакция 10.03.2012
Статус, дата на статуса 10.03.2012 - от С1,Р / 10.03.2012
944 ## - СЪЗДАВАНЕ И РЕДАКЦИЯ на ЗАПИСА
Създаване/Редакция Редакция
Дата на регистрацията/редакция 2022-10-06
999 ## - СИСТЕМНИ КОНТРОЛНИ НОМЕРА
Koha biblioitemnumber 122942
Наличности
Код за отписване Код за изгубен артикул Източник на класификационната схема Код за повреда Коз за рестрикции Код за отдаване Артикулен № Име на библиотеката - собственик Име на библиотеката, в която се намира в момента Статус (Текущо местоположение) Дата на вписване в системата Местоположение - отдел Цена в лева Инвентарен номер Систематично азбучна сигнатура Баркод Номер на екземпляра Цена в евро Служебна бележка Служебен тип на артикула Бележка за публиката
  Не е изгубен Universal Decimal Classification Не е повреден без рестрикции ползва се в читалня 198949 Регионална библиотека "Любен Каравелов" Русе Регионална библиотека "Любен Каравелов" Русе Хранилище 1975-01-01 Хранилище 1.19 193850 Цб 78327 120000193850 1 0.61 N: стар фонд Дата: 01.01.1975 Книги  
Изтеглен Не е изгубен   Не е повреден без рестрикции заемане за дома 198950 Регионална библиотека "Любен Каравелов" Русе Регионална библиотека "Любен Каравелов" Русе   1975-01-01 Заемна - подръчен фонд 1.19 195385 П 37.036/А 93 195385 2 0.61 N: стар фонд Дата: 01.01.1975 Книги Отч.N: 23/2018 , Дата: 26.03.2018
Изтеглен Не е изгубен   Не е повреден без рестрикции заемане за дома 198951 Регионална библиотека "Любен Каравелов" Русе Регионална библиотека "Любен Каравелов" Русе   1975-01-01 Заемна - подръчен фонд 1.19 195388 П 37.036/А 93 195388 3 0.61 N: стар фонд Дата: 01.01.1975 Книги Отч.N: 23/2018 , Дата: 26.03.2018
Изтеглен Не е изгубен Universal Decimal Classification Не е повреден без рестрикции заемане за дома 198952 Регионална библиотека "Любен Каравелов" Русе Регионална библиотека "Любен Каравелов" Русе Количка 1975-01-01 Заемна - подръчен фонд 1.19 195396 37.016/А 93 Ж 120000195396 4 0.61 N: стар фонд Дата: 01.01.1975 Дата инв: 08.02.2018 Бележки инв: П2018 Книги  
Изтеглен Не е изгубен   Не е повреден без рестрикции заемане за дома 198953 Регионална библиотека "Любен Каравелов" Русе Регионална библиотека "Любен Каравелов" Русе   1975-01-01 Заемна - подръчен фонд 1.19 195397 П 37.036/А 93 195397 5 0.61 N: стар фонд Дата: 01.01.1975 Книги Отч.N: 23/2018 , Дата: 26.03.2018
Vip Innovations Ltd, Rousse, Bulgaria 2025